| 000 | 01113nam0a22002771 4500 | ||
|---|---|---|---|
| 001 | rc\4645020 | ||
| 005 | 20250612141257.0 | ||
| 021 |
_aRU _b[63-43934] |
||
| 035 | _a(NLR Aleph) 008687721 | ||
| 090 |
_a9219082 _c9219082 |
||
| 100 | _a20130416d1963 |||y0rusy50 ca | ||
| 101 | 0 | _arus | |
| 102 | _aRU | ||
| 105 | _ay z ||||| | ||
| 200 | 1 | _aСовременное состояние и задачи борьбы с эрозией почв в СССР | |
| 210 |
_aМосква _cСельхозиздат _d1963 |
||
| 215 |
_a42 с. _d20 |
||
| 225 | 1 | _aВсесоюзная ордена Ленина академия сельскохозяйственных наук имени В.И. Ленина. Материалы Сессии по вопросам борьбы с водной и ветровой эрозией почв | |
| 333 | _aНа правах рукописи | ||
| 606 |
_aЭрозия почв _2psbo |
||
| 700 | 1 |
_aСоболев _bС.С. _gСергей Степанович |
|
| 801 | 0 |
_aRU _bNLR _gpsbo |
|
| 801 | 1 |
_aRU _bELAR _2rusmarc |
|
| 852 |
_aNLR _j63-4/10409 |
||
| 942 | _cBOOK | ||
| 980 | _aNB | ||